Asamiya upanyasar bhumika (Record no. 3028)
[ view plain ]
| 000 -LEADER | |
|---|---|
| fixed length control field | 00491cam a2200193ua 4500 |
| 001 - CONTROL NUMBER | |
| control field | 3184 |
| 005 - DATE AND TIME OF LATEST TRANSACTION | |
| control field | 20260515113638.0 |
| 008 - FIXED-LENGTH DATA ELEMENTS--GENERAL INFORMATION | |
| fixed length control field | 111012n ii |||gr||||Z||||||asm |
| 040 ## - CATALOGING SOURCE | |
| Transcribing agency | MAIN |
| 082 ## - DEWEY DECIMAL CLASSIFICATION NUMBER | |
| Classification number | 891.4513 |
| 100 1# - MAIN ENTRY--PERSONAL NAME | |
| Personal name | Sarma, Satyendranath, |
| 245 11 - TITLE STATEMENT | |
| Title | Asamiya upanyasar bhumika |
| Statement of responsibility, etc. | by Satyendranath Sarma |
| 250 ## - EDITION STATEMENT | |
| Edition statement | 1st. |
| 260 ## - PUBLICATION, DISTRIBUTION, ETC. | |
| Place of publication, distribution, etc. | Guahati: |
| Name of publisher, distributor, etc. | Saumar Prakash, |
| Date of publication, distribution, etc. | 2004. |
| 300 ## - PHYSICAL DESCRIPTION | |
| Extent | 124p: |
| Dimensions | 23cm. |
| 653 ## - INDEX TERM--UNCONTROLLED | |
| Uncontrolled term | Assamese novel |
| 653 ## - INDEX TERM--UNCONTROLLED | |
| Uncontrolled term | Asamiya upanyasar bhumika |
| 942 ## - ADDED ENTRY ELEMENTS (KOHA) | |
| Koha item type | Books |
| Withdrawn status | Lost status | Damaged status | Not for loan | Home library | Current library | Shelving location | Date acquired | Total checkouts | Full call number | Barcode | Date last seen | Date last checked out | Copy number | Price effective from | Koha item type |
|---|---|---|---|---|---|---|---|---|---|---|---|---|---|---|---|
| Naharkatiya College Library | Naharkatiya College Library | General stacks | 09/19/2020 | 1 | 891.4513 | SAR | 18054 | 10/05/2021 | 09/23/2021 | 1 | 09/19/2020 | Books |